00367nam a2200157Ia 4500001000500000005001700005008004100022041000800063082001500071100002500086245004000111260000900151300003300160650000800193654000800201805920260306160541.0260306t2008||||xx |||||||||||||| ||spa|| aESP a370.1bG12 aGadotti, MoacireAUT 0aHistoria de las ideas pedagógicas c2008 axix, 354 páginas :c21 cm. aGEN aCED